| 000 | 00726cam a2200145 4500500 | ||
|---|---|---|---|
| 005 | 20260208005909.0 | ||
| 041 | _afre | ||
| 042 | _adc | ||
| 100 | 1 | 0 |
_aStistrup Jensen, Merete _eauthor |
| 245 | 0 | 0 | _aFemmes et Littérature. Études réunies par PHILIPPE BARON, DENNIS WOOD et WENDY PERKINS. Annales Littéraires de l’Université de Franche-Comté, Presses Universitaires Franc-Comtoises [diffusé par les Belles Lettres], 2003. Un vol. de 279 p. |
| 260 | _c2006. | ||
| 500 | _a7 | ||
| 786 | 0 | _nRevue d'histoire littéraire de la France | 106 | 4 | 2006-10-01 | p. 959zs-1017zs | 0035-2411 | |
| 856 | 4 | 1 | _uhttps://shs.cairn.info/revue-d-histoire-litteraire-de-la-france-2006-4-page-959zs?lang=fr&redirect-ssocas=7080 |
| 999 |
_c1654264 _d1654264 |
||